000 004290000a22001810004500
003 MACL
005 20150703124604.0
008 150703b xxu||||| |||| 00| 0 eng d
040 _aMACL
_cMACL
041 _aEnglish
082 _a300
100 _aOza, Rupal
_9438
245 _aThe Making Of Neoliberal India
260 _bKali For Women
_c2006
_aNew Delhi
350 _a300
650 _aSociology
_919
942 _cBK
_k300
_2ddc
999 _c8245
_d8245